[Event "Sao Jose dos Campos op"]
[Site "Sao Jose dos Campos"]
[Date "2023.05.27"]
[Round "4"]
[White "Fernandes, Beatriz"]
[Black "Nunes de Miranda, Santos Fernanda"]
[Result "1-0"]
[WhiteElo "1487"]
[BlackElo "1685"]
[PlyCount "121"]
[EventDate "2023.05.26"]
[EventType "swiss"]
[EventRounds "5"]
[EventCountry "BRA"]
[SourceTitle "CBM 214 Extra"]
[Source "ChessBase"]
[SourceDate "2023.07.31"]
[SourceVersion "1"]
[SourceVersionDate "2023.07.31"]
[SourceQuality "1"]

1. e4 c5 2. c3 Nc6 3. d4 e6 4. Nf3 Nge7 5. dxc5 Ng6 6. Be3 f5 7. exf5 exf5 8. Qe2 Be7 9. g3 0-0 10. Bg2 Re8 11. 0-0 b6 12. Qc4+ Kh8 13. cxb6 axb6 14. Rd1 Ba6 15. Qd5 Ra7 16. b4 Be2 17. Rd2 Bxf3 18. Bxf3 Bf6 19. Qb5 Rb7 20. Bxc6 Re5 21. Qa6 Rc7 22. Qxb6 Rxc6 23. Qxc6 dxc6 24. Rxd8+ Bxd8 25. Nd2 Bf6 26. Bd4 Re2 27. Bxf6 gxf6 28. Nf3 f4 29. Nd4 Rd2 30. a4 fxg3 31. hxg3 Ne7 32. a5 Nc8 33. a6 Na7 34. Nxc6 Nxc6 35. a7 Nxa7 36. Rxa7 Rc2 37. Rc7 h5 38. b5 Rc1+ 39. Kg2 Rb1 40. c4 Kg8 41. Rc6 Kf7 42. b6 Ke7 43. c5 f5 44. Rc7+ Kd8 45. Rf7 Kc8 46. Rxf5 Kd7 47. Rxh5 Kc6 48. g4 Rb5 49. f3 Rb3 50. Re5 Rb2+ 51. Kg3 Kb5 52. g5 Kc4 53. g6 Rb1 54. Kf4 Rg1 55. b7 Rxg6 56. b8Q Rf6+ 57. Rf5 Rc6 58. Qd6 Kb5 59. Qxc6+ Kxc6 60. Ke4 Kd7 61. Rf6 1-0

[Event "Sao Jose dos Campos op"]
[Site "Sao Jose dos Campos"]
[Date "2023.05.27"]
[Round "3"]
[White "Pinto, Ana Vitoria de Jesu"]
[Black "Nunes de Miranda, Santos Fernanda"]
[Result "1-0"]
[WhiteElo "1615"]
[BlackElo "1685"]
[PlyCount "71"]
[EventDate "2023.05.26"]
[EventType "swiss"]
[EventRounds "5"]
[EventCountry "BRA"]
[SourceTitle "CBM 214 Extra"]
[Source "ChessBase"]
[SourceDate "2023.07.31"]
[SourceVersion "1"]
[SourceVersionDate "2023.07.31"]
[SourceQuality "1"]

1. e4 c5 2. Nf3 Nc6 3. d4 e6 4. Nc3 d5 5. exd5 exd5 6. dxc5 d4 7. Ne4 Bf5 8. Ng3 Qe7+ 9. Be2 Qxc5 10. Nxf5 Qxf5 11. 0-0 Bc5 12. Re1 Nge7 13. Bd3 Qd7 14. Bg5 0-0 15. Bb5 f6 16. Bf4 Kh8 17. a3 a6 18. Bd3 h6 19. Qd2 g5 20. Bg3 Nf5 21. Re2 b5 22. Rae1 Nxg3 23. hxg3 Rae8 24. Nh4 Rg8 25. Bf5 Rxe2 26. Rxe2 Qa7 27. Re6 Ne7 28. Rxf6 Nxf5 29. Nxf5 Rg7 30. Nxg7 Kxg7 31. Re6 a5 32. Qe2 Qc7 33. Qe5+ Qxe5 34. Rxe5 Bb6 35. Rxb5 Bc7 36. Rb7 1-0